000 00837nam a2200241 a 4500
001 000009529
005 20260302114738.0
008 090930s2001 dr 000 p spa d
020 _a9993484652
040 _aDO-SdBNP
_bspa
_cBNPHU
082 _aRD861. 5
_bA185c
100 1 _aAcosta, José,
_d1964-
_924351
245 1 0 _aCatequesis del íncubo /
_cJosé Acosta ; cuidado de edición Plinio Chahín.
260 _aSanto Domingo :
_bCasa de Teatro,
_c2001.
300 _a52 p. ;
_c21 cm.
500 _aIncluye datos biográficos del autor en la solapa de la cubierta
586 _aAccésit Premio Poesía. Casa de Teatro
590 _aInventariado, 2018/VM
650 0 _aPoesía dominicana
_966
650 0 _aLiteratura dominicana.
_967
700 1 2 _aChahín, Plinio,
_d1959-
_eed.
_924881
910 _aValidado. Control de calidad MFF
999 _c9289
_d9289